000 00619nam a2200229 4500
001 sa 68011982
003 DLC
005 20260227112606.0
008 691104s1968 ii b 00100 eng
010 _asa 68011982
025 _aPL480:I-E-10522
050 0 _aJX3695.I5
_bM83 1968
082 _a341
100 1 0 _aMukherjee, Subimal Kumar.
245 1 _aA new outlook for international law.
250 _a[2d rev. and enl. ed.]
260 0 _aCalcutta,
_bWorld Press,
_c1968.
300 _axx, 472 p.
_c23 cm.
350 _a20.00
_a($6.00)
504 _aBibliography: p. 461-467.
650 0 _aInternational law.
999 _c84226
_d84226